000 00531nam a22001937a 4500
003 MPLRDC
005 20220104190346.0
008 210129b ||||| |||| 00| 0 eng d
020 _a978-986-216-725-0
082 _a421 XSLJ
100 _a小山龙介、山田真哉
245 _a呆薪族也能变身富一代
_c陈美瑛 译
250 _a一版一刷
260 _a台湾
_b天下远见出版股份有限公司
_c2011
300 _b
490 _a心理励志: 287
650 _a家庭经济
942 _cBK
_o421 XSLJ
999 _c63753
_d63743